Death or transfiguration? <the> changing government of the health care state
Gespeichert in:
| 1. Verfasser: | |
|---|---|
| Format: | Buch |
| Sprache: | Englisch |
| Veröffentlicht: |
San Domenico (FI)
European University Institute
1999
|
| Schriftenreihe: | EUI Working paper EUF
No. 99/15 |
| Schlagworte: | |
| Tags: |
Keine Tags, Fügen Sie das erste Tag hinzu!
|
MARC
| LEADER | 00000nam a2200000 4500 | ||
|---|---|---|---|
| 001 | c132432 | ||
| 005 | 20221108123624.2 | ||
| 041 | 0 | |a eng | |
| 044 | |a IT | ||
| 245 | 1 | 0 | |a Death or transfiguration? |b <the> changing government of the health care state |c Michael Moran |
| 264 | 1 | |a San Domenico (FI) |b European University Institute |c 1999 | |
| 300 | |a 28 s. | ||
| 490 | 1 | |a EUI Working paper EUF |v No. 99/15 | |
| 830 | 0 | |a EUI Working paper EUF |v No. 99/15 | |
| 610 | 2 | 0 | |a zdravie |
| 610 | 2 | 0 | |a zdravotníctvo |
| 610 | 2 | 0 | |a starostlivosť zdravotná |
| 610 | 2 | 0 | |a ochrana zdravia |
| 610 | 2 | 0 | |a politika sociálna |
| 610 | 2 | 0 | |a zabezpečenie nemocenské |
| 100 | 1 | |a Moran, Michael | |